[Event "Leamington Spa 4NCL op-B 26th"]
[Site "Leamington Spa"]
[Date "2021.09.12"]
[Round "5"]
[White "Knight, Colin B"]
[Black "Graff, Ben"]
[Result "1/2-1/2"]
[WhiteElo "1745"]
[BlackElo "1844"]
[PlyCount "75"]
[EventDate "2021.09.10"]
[EventType "swiss"]
[EventRounds "5"]
[EventCountry "ENG"]
[SourceTitle "EXT 2023"]
[Source "ChessBase"]
[SourceDate "2022.10.05"]
[SourceVersion "1"]
[SourceVersionDate "2022.10.05"]
[SourceQuality "1"]

1. d4 d5 2. c4 c6 3. Nc3 Nf6 4. Nf3 e6 5. e3 Be7 6. Bd3 0-0 7. 0-0 Nbd7 8. Re1 b6 9. e4 dxe4 10. Nxe4 Nxe4 11. Bxe4 Bb7 12. a3 Nf6 13. Bc2 c5 14. Bg5 Bxf3 15. Qxf3 Qxd4 16. Rac1 Rfe8 17. b3 Qg4 18. Qe3 g6 19. h3 Qd4 20. Qf3 Rad8 21. Rb1 Nd7 22. Red1 Qg7 23. Bxe7 Rxe7 24. b4 Qf8 25. Qd3 Ree8 26. Qe3 cxb4 27. axb4 Qe7 28. Ba4 Rf8 29. Bxd7 Rxd7 30. Rxd7 Qxd7 31. c5 bxc5 32. bxc5 Rc8 33. Ra1 Qc7 34. c6 Qxc6 35. Qxa7 Qc5 36. Qa6 Rc6 37. Qe2 Rc8 38. Qa6 1/2-1/2

[Event "Birmingham 4NCL op-B 3rd"]
[Site "Birmingham"]
[Date "2015.07.19"]
[Round "4"]
[White "Knight, Colin B"]
[Black "Anilkumar, Anantha PP"]
[Result "1-0"]
[WhiteElo "1795"]
[BlackElo "1353"]
[PlyCount "89"]
[EventDate "2015.07.17"]
[EventType "swiss"]
[EventRounds "5"]
[EventCountry "ENG"]
[SourceTitle "CBM 167 Extra"]
[Source "ChessBase"]
[SourceDate "2015.09.14"]
[SourceVersion "1"]
[SourceVersionDate "2015.09.14"]
[SourceQuality "1"]

1. e4 e5 2. Nf3 Nc6 3. Bc4 Nf6 4. d3 Bc5 5. 0-0 0-0 6. c3 d5 7. exd5 Nxd5 8. b4 Bd6 9. Bxd5 Bg4 10. Qd2 h6 11. Qe3 Qf6 12. Bxc6 bxc6 13. Nbd2 Qg6 14. Nxe5 Qh5 15. Nxg4 Qxg4 16. Qf3 Qh4 17. g3 Qh3 18. Nc4 Be7 19. Be3 Rfd8 20. d4 Rd5 21. Ne5 Qe6 22. Qg4 f5 23. Qg6 Qxg6 24. Nxg6 Bf6 25. Ne5 Rd6 26. h4 Re8 27. Kg2 h5 28. Bg5 Bxg5 29. hxg5 Rb8 30. Rab1 Rb6 31. g6 Ra6 32. Rb2 Kf8 33. Rfb1 Re6 34. Nd7+ Ke7 35. Nc5 Rb6 36. Nxe6 Kxe6 37. Rh1 Kf6 38. Rxh5 Kxg6 39. Rh4 Rb8 40. Re2 Rb6 41. Rh1 a6 42. Rhe1 Kg5 43. Re7 g6 44. f4+ Kh5 45. Rh1+ 1-0

[Event "Dyfed op 44th"]
[Site "Fishguard"]
[Date "2015.02.21"]
[Round "2"]
[White "Knight, Colin B"]
[Black "Orton, Paul"]
[Result "1-0"]
[WhiteElo "1841"]
[BlackElo "1657"]
[PlyCount "95"]
[EventDate "2015.02.20"]
[EventType "swiss"]
[EventRounds "5"]
[EventCountry "WLS"]
[SourceTitle "EXT 2018"]
[Source "ChessBase"]
[SourceDate "2017.10.13"]
[SourceVersion "1"]
[SourceVersionDate "2017.10.13"]
[SourceQuality "1"]

1. e4 c5 2. Nf3 d6 3. d3 g6 4. g3 Bg7 5. Bg2 Nf6 6. 0-0 Nbd7 7. Nbd2 0-0 8. c3 Qc7 9. Re1 b6 10. d4 e6 11. e5 dxe5 12. dxe5 Nd5 13. c4 Ne7 14. Nf1 Rb8 15. Bf4 Bb7 16. N1d2 Nc6 17. Qe2 Rbd8 18. a3 Rfe8 19. Rac1 h5 20. Qe3 Ne7 21. Ne4 Nf5 22. Nf6+ Kf8 23. Qe2 Nd4 24. Nxd4 Bxg2 25. Kxg2 Qb7+ 26. Qf3 Qxf3+ 27. Nxf3 Nxf6 28. exf6 Bxf6 29. Be5 Bxe5 30. Rxe5 f6 31. Ree1 Ke7 32. Rcd1 g5 33. h4 g4 34. Ng1 Rd4 35. Rxd4 cxd4 36. f4 Kd6 37. Rd1 Kc5 38. b3 Rd8 39. Kf2 e5 40. Ne2 d3 41. Nc1 e4 42. Ke3 f5 43. Nxd3+ exd3 44. Rxd3 Re8+ 45. Kf2 Rf8 46. Rd5+ Kc6 47. Ke3 a6 48. Kd4 1-0

[Event "Dyfed op 44th"]
[Site "Fishguard"]
[Date "2015.02.20"]
[Round "1"]
[White "Jones, Richard S"]
[Black "Knight, Colin B"]
[Result "1-0"]
[WhiteElo "2405"]
[BlackElo "1841"]
[PlyCount "119"]
[EventDate "2015.02.20"]
[EventType "swiss"]
[EventRounds "5"]
[EventCountry "WLS"]
[SourceTitle "EXT 2018"]
[Source "ChessBase"]
[SourceDate "2017.10.13"]
[SourceVersion "1"]
[SourceVersionDate "2017.10.13"]
[SourceQuality "1"]

1. d4 Nf6 2. c4 g6 3. Nc3 d6 4. e4 Bg7 5. Be2 Nc6 6. Nf3 0-0 7. d5 Ne5 8. Nxe5 dxe5 9. 0-0 c6 10. Be3 cxd5 11. cxd5 Ne8 12. a4 Nd6 13. f3 f5 14. Qb3 f4 15. Bc5 Kh8 16. Nb5 b6 17. Bf2 Bd7 18. Rfc1 Rf6 19. a5 Nb7 20. axb6 Rxb6 21. Bxb6 Qxb6+ 22. Kh1 Nd6 23. Rc6 Bxc6 24. dxc6 Qxc6 25. Nxd6 Qxd6 26. Rd1 Qb6 27. Qd5 Rb8 28. b3 Bf6 29. Bc4 e6 30. Qxe6 Qxe6 31. Bxe6 Rd8 32. Ra1 Be7 33. Bd5 Bc5 34. Rc1 Bb6 35. g3 g5 36. Kg2 Rd7 37. Rc8+ Kg7 38. Rg8+ Kf6 39. h4 h6 40. h5 Rc7 41. Rg6+ Ke7 42. gxf4 exf4 43. Rxh6 g4 44. Bc4 g3 45. Re6+ Kd8 46. Rf6 Be3 47. h6 Rd7 48. Bd5 Rc7 49. Bc6 Rh7 50. e5 Ke7 51. Be4 Rh8 52. Bd5 Rc8 53. Bc4 Rd8 54. Re6+ Kf8 55. Rf6+ Ke7 56. Rf7+ Ke8 57. e6 Rd2+ 58. Kh3 Rh2+ 59. Kg4 g2 60. Bb5+ 1-0

[Event "Sunningdale e2e4 op 07"]
[Site "Ascot"]
[Date "2013.07.07"]
[Round "4"]
[White "Villiers, Thomas"]
[Black "Knight, Colin B"]
[Result "1-0"]
[WhiteElo "1966"]
[BlackElo "1915"]
[PlyCount "57"]
[EventDate "2013.07.05"]
[EventType "swiss"]
[EventRounds "5"]
[EventCountry "ENG"]
[SourceTitle "CBM 155 Extra"]
[Source "ChessBase"]
[SourceDate "2013.08.26"]
[SourceVersion "1"]
[SourceVersionDate "2013.08.26"]
[SourceQuality "1"]

1. c4 Nf6 2. g3 g6 3. Bg2 Bg7 4. Nf3 0-0 5. Nc3 c5 6. 0-0 Nc6 7. d4 d6 8. d5 Nb8 9. Re1 a6 10. e4 Nfd7 11. Be3 Nb6 12. Nd2 N8d7 13. f4 Rb8 14. Qe2 e5 15. dxe6 fxe6 16. Rad1 Na8 17. Nf3 Qe7 18. Qd3 b5 19. cxb5 Rb6 20. a4 axb5 21. axb5 Nc7 22. Na4 Rxb5 23. Qxd6 Qxd6 24. Rxd6 Rb4 25. Nxc5 Nxc5 26. Bxc5 Rxb2 27. Rc6 Rf7 28. Bd6 Rb7 29. Rec1 1-0

[Event "Sunningdale e2e4 op 07"]
[Site "Ascot"]
[Date "2013.07.05"]
[Round "1"]
[White "Stewart, Ashley"]
[Black "Knight, Colin B"]
[Result "1-0"]
[WhiteElo "2053"]
[BlackElo "1915"]
[PlyCount "119"]
[EventDate "2013.07.05"]
[EventType "swiss"]
[EventRounds "5"]
[EventCountry "ENG"]
[SourceTitle "CBM 155 Extra"]
[Source "ChessBase"]
[SourceDate "2013.08.26"]
[SourceVersion "1"]
[SourceVersionDate "2013.08.26"]
[SourceQuality "1"]

1. g3 g6 2. Bg2 Bg7 3. c4 c5 4. Nc3 Nc6 5. Nf3 Nf6 6. d4 cxd4 7. Nxd4 0-0 8. 0-0 a6 9. Nc2 d6 10. b3 Rb8 11. Bb2 Bf5 12. Ne3 Bd7 13. Ned5 b5 14. cxb5 axb5 15. Qd2 Nxd5 16. Nxd5 e5 17. Nb4 Nxb4 18. Qxb4 Be6 19. Rfd1 Rb6 20. Rac1 Qb8 21. Rc6 Rd8 22. Rdc1 d5 23. Qa5 Rxc6 24. Rxc6 Rc8 25. Qa6 Rxc6 26. Qxc6 e4 27. Bxg7 Kxg7 28. Qc3+ Kg8 29. a3 Qc8 30. Qxc8+ Bxc8 31. f4 Kf8 32. Kf2 Ke7 33. Ke3 Kd6 34. Kd4 Bd7 35. e3 h6 36. Bf1 f6 37. Be2 Bc6 38. Bd1 Bd7 39. b4 f5 40. Bb3 Bc6 41. Bd1 g5 42. Bh5 Bd7 43. Bf7 Bc6 44. Bg8 Bb7 45. fxg5 hxg5 46. Bh7 Bc8 47. h4 f4 48. exf4 gxh4 49. gxh4 Bg4 50. Bg6 Ke6 51. h5 Kf6 52. Be8 Be6 53. h6 Bg8 54. Ke3 Kf5 55. Bd7+ Kg6 56. Bxb5 Kxh6 57. Be8 Kg7 58. b5 Be6 59. b6 Bc8 60. Bc6 1-0

[Event "Sunningdale e2e4 op U2050 05"]
[Site "Sunningdale"]
[Date "2013.05.27"]
[Round "7"]
[White "De Coverly, Roger D"]
[Black "Knight, Colin B"]
[Result "1-0"]
[WhiteElo "2019"]
[BlackElo "1915"]
[PlyCount "67"]
[EventDate "2013.05.24"]
[EventType "swiss"]
[EventRounds "7"]
[EventCountry "ENG"]
[SourceTitle "EXT 2014"]
[Source "ChessBase"]
[SourceDate "2013.11.20"]
[SourceVersion "1"]
[SourceVersionDate "2013.11.20"]
[SourceQuality "1"]

1. e4 c5 2. Nf3 d6 3. d4 cxd4 4. Nxd4 Nf6 5. Nc3 Nc6 6. Bc4 a6 7. Nxc6 bxc6 8. e5 d5 9. exf6 dxc4 10. Qxd8+ Kxd8 11. fxe7+ Bxe7 12. Bf4 Be6 13. 0-0-0+ Kc8 14. Bd6 Bxd6 15. Rxd6 Kc7 16. Rhd1 Rad8 17. Rxd8 Rxd8 18. Rxd8 Kxd8 19. Kd2 Kc7 20. Ne4 Bd5 21. Ke3 f6 22. g3 Kb6 23. Nd6 Kc5 24. Ne8 c3 25. b3 Kb4 26. Kd3 c5 27. a3+ Kxa3 28. Kxc3 a5 29. Nc7 Bc6 30. Ne6 a4 31. Nxc5 axb3 32. cxb3 Bd5 33. b4 Bf7 34. b5 1-0